[Event "CHN-chT"]
[Site "Hangzhou"]
[Date "2023.05.22"]
[Round "4.2"]
[White "Dai, Changren"]
[Black "Xiu, Deshun"]
[Result "1/2-1/2"]
[WhiteElo "2496"]
[BlackElo "2514"]
[PlyCount "124"]
[EventDate "2023.05.19"]
[EventType "team-swiss"]
[EventRounds "9"]
[EventCountry "CHN"]
[SourceTitle "CBM 214 Extra"]
[Source "ChessBase"]
[SourceDate "2023.07.31"]
[SourceVersion "1"]
[SourceVersionDate "2023.07.31"]
[SourceQuality "1"]
[WhiteTeam "Tianjin"]
[BlackTeam "Beijing"]
[WhiteTeamCountry "CHN"]
[BlackTeamCountry "CHN"]

1. d4 Nf6 2. c4 e6 3. Nc3 Bb4 4. e3 0-0 5. Bd3 d5 6. a3 Bxc3+ 7. bxc3 dxc4 8. Bxc4 c5 9. Bd3 Qc7 10. Ne2 e5 11. 0-0 Nc6 12. Ng3 Bg4 13. Qc2 Rad8 14. f4 cxd4 15. cxd4 exd4 16. e4 Nh5 17. Nxh5 Bxh5 18. Rb1 Bg4 19. e5 Kh8 20. f5 Rc8 21. Bf4 Qd7 22. f6 g5 23. Qf2 Bf5 24. Rxb7 Qe6 25. Bxf5 Qxf5 26. Qg3 Rg8 27. Bd2 Qe6 28. Re1 Rce8 29. Rc7 Qd5 30. Qf2 Rxe5 31. Rc1 Rf5 32. Qe2 Rxf6 33. Qc4 Qxc4 34. Rxc4 Rgg6 35. Bxg5 Rxg5 36. R7xc6 Rxc6 37. Rxc6 Ra5 38. Rd6 Ra4 39. Kf2 Kg7 40. h4 a5 41. Ke2 f6 42. Kf2 Kg6 43. g4 h6 44. Kf3 Kf7 45. Ke4 Rxa3 46. Rxd4 Rb3 47. Rd6 Rb4+ 48. Kf5 Rb5+ 49. Kf4 h5 50. g5 Rb4+ 51. Kf5 Rb5+ 52. Kf4 fxg5+ 53. hxg5 Rb4+ 54. Kf5 Rb5+ 55. Kf4 Rb3 56. Rf6+ Kg7 57. Ra6 Rb4+ 58. Kf5 Rb5+ 59. Kf4 h4 60. Ra7+ Kg6 61. Ra6+ Kf7 62. Ra7+ Kg6 1/2-1/2

[Event "CHN-chT"]
[Site "Hangzhou"]
[Date "2023.05.21"]
[Round "3.1"]
[White "Dai, Changren"]
[Black "Liu, Yan"]
[Result "1-0"]
[WhiteElo "2496"]
[BlackElo "2548"]
[PlyCount "75"]
[EventDate "2023.05.19"]
[EventType "team-swiss"]
[EventRounds "9"]
[EventCountry "CHN"]
[SourceTitle "CBM 214 Extra"]
[Source "ChessBase"]
[SourceDate "2023.07.31"]
[SourceVersion "1"]
[SourceVersionDate "2023.07.31"]
[SourceQuality "1"]
[WhiteTeam "Tianjin"]
[BlackTeam "Chongqing"]
[WhiteTeamCountry "CHN"]
[BlackTeamCountry "CHN"]

1. d4 Nf6 2. c4 e6 3. Nf3 b6 4. g3 Bb7 5. Bg2 Bb4+ 6. Bd2 Be7 7. Nc3 c6 8. Bf4 0-0 9. e4 d5 10. e5 Ne4 11. cxd5 cxd5 12. 0-0 Nc6 13. Re1 Rc8 14. h4 Qd7 15. Ng5 Nxg5 16. hxg5 Qd8 17. Nb5 Bxg5 18. Bxg5 Qxg5 19. Nd6 Rb8 20. Rc1 Ba8 21. Re3 Qd8 22. Rec3 Na5 23. b3 a6 24. Bh3 f5 25. exf6 Qxf6 26. Qe2 Kh8 27. Bxe6 Rbd8 28. Nf7+ Rxf7 29. Bxf7 Qxf7 30. Rc8 Qf8 31. Qe6 Bb7 32. Rxd8 Qxd8 33. Re1 Bc6 34. b4 Bd7 35. Qe7 Qxe7 36. Rxe7 Bb5 37. bxa5 bxa5 38. Kg2 1-0

[Event "CHN-chT"]
[Site "Hangzhou"]
[Date "2023.05.20"]
[Round "2.1"]
[White "Ma, Zhonghan"]
[Black "Dai, Changren"]
[Result "1/2-1/2"]
[WhiteElo "2467"]
[BlackElo "2496"]
[PlyCount "87"]
[EventDate "2023.05.19"]
[EventType "team-swiss"]
[EventRounds "9"]
[EventCountry "CHN"]
[SourceTitle "CBM 214 Extra"]
[Source "ChessBase"]
[SourceDate "2023.07.31"]
[SourceVersion "1"]
[SourceVersionDate "2023.07.31"]
[SourceQuality "1"]
[WhiteTeam "Qingdao"]
[BlackTeam "Tianjin"]
[WhiteTeamCountry "CHN"]
[BlackTeamCountry "CHN"]

1. Nf3 Nf6 2. c4 c6 3. d4 d5 4. e3 Bf5 5. Nc3 e6 6. Bd3 Bg6 7. 0-0 Nbd7 8. Re1 Be7 9. e4 dxc4 10. Bxc4 b5 11. Bd3 b4 12. e5 bxc3 13. exf6 Bxf6 14. bxc3 0-0 15. Ba3 Re8 16. Bxg6 hxg6 17. Ne5 Nxe5 18. dxe5 Be7 19. Qa4 Bxa3 20. Qxa3 Qe7 21. Qxe7 Rxe7 22. Rad1 g5 23. Rd6 Rb8 24. a4 Rc7 25. h3 Kh7 26. Rd4 Rb2 27. h4 Rc2 28. Rc4 Rd7 29. hxg5 Kg6 30. Rxc6 Rdd2 31. Rf1 Re2 32. Rc5 a6 33. g3 Kxg5 34. Rc6 Kf5 35. Rxa6 Kxe5 36. Rc6 Ra2 37. Rc4 f5 38. Rb4 g5 39. Kg2 g4 40. Rbb1 Rxa4 41. Rfe1 Raa2 42. Rxe2+ Rxe2 43. Rb8 Ke4 44. Rd8 1/2-1/2

[Event "CHN-chT"]
[Site "Hangzhou"]
[Date "2023.05.19"]
[Round "1.1"]
[White "Dai, Changren"]
[Black "Yuan, Qingyu"]
[Result "1-0"]
[WhiteElo "2496"]
[BlackElo "2373"]
[PlyCount "125"]
[EventDate "2023.05.19"]
[EventType "team-swiss"]
[EventRounds "9"]
[EventCountry "CHN"]
[SourceTitle "CBM 214 Extra"]
[Source "ChessBase"]
[SourceDate "2023.07.31"]
[SourceVersion "1"]
[SourceVersionDate "2023.07.31"]
[SourceQuality "1"]
[WhiteTeam "Tianjin"]
[BlackTeam "Ningbo"]
[WhiteTeamCountry "CHN"]
[BlackTeamCountry "CHN"]

1. d4 Nf6 2. c4 e6 3. Nf3 d5 4. Nc3 c5 5. e3 Nc6 6. a3 dxc4 7. Bxc4 a6 8. Bd3 b5 9. dxc5 Bxc5 10. 0-0 Bb7 11. b4 Bd6 12. Ne4 Nxe4 13. Bxe4 f5 14. Bc2 Ne5 15. Nd4 Qd7 16. Bb3 Nc4 17. Bxc4 bxc4 18. Bb2 0-0 19. Nf3 Qc7 20. Rc1 Rac8 21. Qd4 Bxf3 22. gxf3 Bxh2+ 23. Kg2 Rf6 24. Rh1 Bd6 25. Rh4 f4 26. Rg4 e5 27. Qe4 Qf7 28. Rh1 h6 29. Bc3 Rf8 30. Rh3 Re8 31. Rhh4 Bf8 32. Rh1 Bd6 33. Rd1 Bc7 34. Rg1 Rd8 35. Kf1 Rd1+ 36. Ke2 Rxg1 37. Rxg1 Qe6 38. exf4 Rxf4 39. Rxg7+ Kxg7 40. Qxf4 Qd5 41. Qf5 Qd3+ 42. Qxd3 cxd3+ 43. Kxd3 Kg6 44. Ke4 Bb6 45. Bxe5 Bxf2 46. f4 Be1 47. f5+ Kf7 48. Kf4 h5 49. Kg5 h4 50. Kg4 Ke7 51. Bc7 Kf6 52. Bd8+ Ke5 53. Kg5 h3 54. Bc7+ Kd5 55. Kg4 Bc3 56. Kxh3 Kc4 57. Kg4 Kb3 58. Kg5 Kxa3 59. Ba5 Bg7 60. Kg6 Bf8 61. f6 Ka4 62. Kf7 Bd6 63. Ke8 1-0

[Event "China zt 3.5"]
[Site "Shenzhen"]
[Date "2023.04.13"]
[Round "9"]
[White "Dai, Changren"]
[Black "Wu, Yixing"]
[Result "1-0"]
[WhiteElo "2529"]
[BlackElo "1972"]
[PlyCount "115"]
[EventDate "2023.04.05"]
[EventType "swiss"]
[EventRounds "9"]
[EventCountry "CHN"]
[SourceTitle "CBM 213 Extra"]
[Source "ChessBase"]
[SourceDate "2023.05.31"]
[SourceVersion "1"]
[SourceVersionDate "2023.05.31"]
[SourceQuality "1"]

1. d4 Nf6 2. c4 e6 3. Nf3 d5 4. Nc3 c5 5. e3 Nc6 6. a3 dxc4 7. Bxc4 a6 8. 0-0 b5 9. Bd3 cxd4 10. exd4 Bb7 11. Ne4 Nxe4 12. Bxe4 Na5 13. Bxb7 Nxb7 14. Ne5 Qd5 15. Qg4 Nd6 16. Nd3 Qf5 17. Qg3 Qg6 18. d5 Qxg3 19. hxg3 exd5 20. Re1+ Be7 21. Nb4 Nc8 22. Nxd5 Ra7 23. Be3 Rd7 24. Rad1 h5 25. Bf4 Kf8 26. Rd2 g6 27. Nxe7 Rxe7 28. Be5 Re8 29. Kf1 f6 30. Bxf6 Rg8 31. Rd7 Rxe1+ 32. Kxe1 Ke8 33. Rc7 Nd6 34. Ra7 Nc4 35. Bc3 Nd6 36. Bb4 Nf5 37. Rxa6 Kf7 38. Ra7+ Kf6 39. Bc3+ Ke6 40. Rb7 Nd6 41. Rb6 Kd5 42. Bb4 Re8+ 43. Kd1 Ne4 44. f3 Nxg3 45. Rxg6 h4 46. Be1 Nf5 47. Bf2 Kc4 48. Rc6+ Kd5 49. Rc5+ Ke6 50. Ke2 Rb8 51. f4 b4 52. a4 b3 53. Re5+ Kf6 54. Rb5 Ra8 55. a5 Ke6 56. Rb6+ Kd5 57. a6 Nd6 58. a7 1-0

[Event "China zt 3.5"]
[Site "Shenzhen"]
[Date "2023.04.05"]
[Round "1"]
[White "Dai, Changren"]
[Black "Xiao, Tong"]
[Result "0-1"]
[WhiteElo "2529"]
[BlackElo "2173"]
[PlyCount "148"]
[EventDate "2023.04.05"]
[EventType "swiss"]
[EventRounds "9"]
[EventCountry "CHN"]
[SourceTitle "CBM 213 Extra"]
[Source "ChessBase"]
[SourceDate "2023.05.31"]
[SourceVersion "1"]
[SourceVersionDate "2023.05.31"]
[SourceQuality "1"]

1. d4 Nf6 2. Bf4 d5 3. e3 c5 4. dxc5 Nc6 5. Bb5 Qa5+ 6. Nc3 a6 7. Bxc6+ bxc6 8. Nf3 Qxc5 9. Ne5 e6 10. 0-0 Be7 11. Na4 Qb5 12. b3 0-0 13. c4 Qb7 14. Rc1 Ne8 15. Nd3 f6 16. Bg3 a5 17. Qe2 Ba3 18. Rc2 Nd6 19. f3 e5 20. Ndc5 Bxc5 21. Nxc5 Qf7 22. Rd1 Rd8 23. Rcd2 Qa7 24. Na4 Nf5 25. Bf2 Ne7 26. f4 Qc7 27. fxe5 fxe5 28. Bh4 Be6 29. Nc5 Bf7 30. Qg4 Rd6 31. Bg3 Qa7 32. Nd3 Ng6 33. h4 Be6 34. Qg5 dxc4 35. bxc4 Bxc4 36. Nf2 Rxd2 37. Rxd2 Bd5 38. h5 Qe7 39. Qf5 Nf8 40. e4 Qf7 41. Qg5 h6 42. Qh4 Bxa2 43. Bxe5 Be6 44. Rd3 Nd7 45. Bc3 Rf8 46. Rf3 Qe8 47. Rg3 Rf7 48. Bxa5 Qf8 49. Nd3 c5 50. Rg6 Qd6 51. Qg3 Qxg3 52. Rxg3 c4 53. Nf2 Nf6 54. Rg6 Ra7 55. Bc3 Bf7 56. Rg3 Ra3 57. Re3 Bxh5 58. g3 Kf7 59. Bd4 Rxe3 60. Bxe3 Bf3 61. Bd4 Nxe4 62. Nxe4 Bxe4 63. Kf2 g5 64. Ke3 Bd3 65. Kf3 Kg6 66. Bc3 Kf5 67. Bd2 Be4+ 68. Ke3 Bg2 69. Kf2 Bc6 70. Ke3 Kg4 71. Be1 h5 72. Kd4 Bb5 73. Ke3 h4 74. gxh4 gxh4 0-1